Asturias. (Record no. 7775)

MARC details
000 -LEADER
campo de control de longitud fija 01326nam a2200361 i 4500
001 - NÚMERO DE CONTROL
campo de control 7775
003 - IDENTIFICADOR DE NÚMERO DE CONTROL
campo de control ES-MaACL
005 - FECHA Y HORA DE LA ÚLTIMA TRANSACCIÓN
campo de control 20251210174122.0
008 - DATOS DE LONGITUD FIJA--INFORMACIÓN GENERAL
campo de control de longitud fija 910502s1989 sp ||||1| spa d
020 ## - NÚMERO INTERNACIONAL ESTÁNDAR DEL LIBRO
Número Internacional Estándar del Libro 84-7075-098-4
020 ## - NÚMERO INTERNACIONAL ESTÁNDAR DEL LIBRO
Número Internacional Estándar del Libro 84-279-8012-4
080 ## - NÚMERO DE LA CLASIFICACIÓN DECIMAL UNIVERSAL
Número de la Clasificación Decimal Universal 91(461.2)
080 ## - NÚMERO DE LA CLASIFICACIÓN DECIMAL UNIVERSAL
Número de la Clasificación Decimal Universal 9(461.2)
080 ## - NÚMERO DE LA CLASIFICACIÓN DECIMAL UNIVERSAL
Número de la Clasificación Decimal Universal 7(461.2-81)
245 00 - MENCIÓN DEL TÍTULO
Título Asturias.
260 ## - PUBLICACIÓN, DISTRIBUCIÓN, ETC.
Lugar de publicación, distribución, etc. Madrid :
Nombre del editor, distribuidor, etc. Fundación Juan March :
-- ; Barcelona : Noguer,
Fecha de publicación, distribución, etc. 1989.
300 ## - DESCRIPCIÓN FÍSICA
Extensión 378 p. :
Otras características físicas il. ;
Dimensiones 30 cm.
490 1# - MENCIÓN DE SERIE
Mención de serie Tierras de España
505 0# - NOTA DE CONTENIDO CON FORMATO
Nota de contenido con formato Introducción geográfica / Francisco Quirós Linares. Introducción histórica / Eloy Benito Ruano. Introducción literaria / Emilio Alarcos Llorach. Arte / Carlos Cid Priego
650 ## - PUNTO DE ACCESO ADICIONAL DE MATERIA--TÉRMINO DE MATERIA
Término de materia o nombre geográfico como elemento de entrada Literatura española-
Subdivisión geográfica Asturias (Comunidad Autónoma)-
Subdivisión general Historia y crítica.
9 (RLIN) 14543
650 #4 - PUNTO DE ACCESO ADICIONAL DE MATERIA--TÉRMINO DE MATERIA
Término de materia o nombre geográfico como elemento de entrada Arte-
Subdivisión geográfica Asturias (Comunidad Autónoma)
9 (RLIN) 171015
651 #4 - PUNTO DE ACCESO ADICIONAL DE MATERIA--NOMBRE GEOGRÁFICO
Nombre geográfico Asturias (Comunidad Autónoma)-
Subdivisión general Descripción.
9 (RLIN) 7830
700 1# - ENTRADA AGREGADA--NOMBRE PERSONAL
Nombre de persona Quirós Linares, Francisco.
9 (RLIN) 94795
700 ## - ENTRADA AGREGADA--NOMBRE PERSONAL
Nombre de persona Alarcos Llorach, Emilio
9 (RLIN) 242618
700 1# - ENTRADA AGREGADA--NOMBRE PERSONAL
Nombre de persona Benito Ruano, Eloy.
9 (RLIN) 27689
700 1# - ENTRADA AGREGADA--NOMBRE PERSONAL
Nombre de persona Cid Priego, Carlos.
9 (RLIN) 38772
710 2# - ENTRADA AGREGADA--NOMBRE DE ENTIDAD CORPORATIVA
Nombre de entidad corporativa o nombre de jurisdicción como elemento de entrada Fundación Juan March
9 (RLIN) 4346
710 1# - ENTRADA AGREGADA--NOMBRE DE ENTIDAD CORPORATIVA
Nombre de entidad corporativa o nombre de jurisdicción como elemento de entrada
9 (RLIN) 242593
830 1# - PUNTO DE ACCESO ADICIONAL DE SERIE-TÍTULO UNIFORME
Título uniforme Tierras de España
9 (RLIN) 177948
852 ## - LOCALIZACIÓN
Ubicación ES-MaACL
Número de control de estantería C-10420
Nota libre -Enc. tela
942 ## - ELEMENTOS DE ENTRADA SECUNDARIOS (KOHA)
Fuente del sistema de clasificación o colocación Clasificación decimal universal
Holdings
Estatus retirado Estado de pérdida Estado de daño No para préstamo Biblioteca de origen Biblioteca actual Ubicación en estantería Fecha de adquisición Fuente de adquisición Total de préstamos Signatura topográfica completa Código de barras Visto por última vez Precio de reemplazo Tipo de ítem Koha
        Biblioteca del Ateneo de Madrid Biblioteca del Ateneo de Madrid Sala Palomar 17/01/2008     C-10420 1007930 23/02/2023 23/02/2023 Libro impreso